<?xml version="1.0" encoding="UTF-8"?>
<record
    xmlns:xsi="http://www.w3.org/2001/XMLSchema-instance"
    xsi:schemaLocation="http://www.loc.gov/MARC21/slim http://www.loc.gov/standards/marcxml/schema/MARC21slim.xsd"
    xmlns="http://www.loc.gov/MARC21/slim">

  <leader>00302nam a22001217a 4500</leader>
  <datafield tag="040" ind1=" " ind2=" ">
    <subfield code="c">SK</subfield>
  </datafield>
  <datafield tag="082" ind1=" " ind2=" ">
    <subfield code="a">631</subfield>
  </datafield>
  <datafield tag="100" ind1=" " ind2=" ">
    <subfield code="a">&#x17A0;&#x17CA;&#x17B8;&#x1784; &#x1792;&#x17B8;&#x178F;&#x17B6;</subfield>
  </datafield>
  <datafield tag="245" ind1=" " ind2=" ">
    <subfield code="a">soil and soil analysis; &#x178A;&#x17B8; &#x1793;&#x17B7;&#x1784;&#x1780;&#x17B6;&#x179A;&#x179C;&#x17B7;&#x1797;&#x17B6;&#x1782;&#x178A;&#x17B8;</subfield>
  </datafield>
  <datafield tag="260" ind1=" " ind2=" ">
    <subfield code="a">RUA</subfield>
    <subfield code="b">&#x17A0;&#x17CA;&#x17B8;&#x1784; </subfield>
    <subfield code="c">2012</subfield>
  </datafield>
  <datafield tag="300" ind1=" " ind2=" ">
    <subfield code="a">56p.</subfield>
  </datafield>
  <datafield tag="942" ind1=" " ind2=" ">
    <subfield code="c">KB</subfield>
  </datafield>
  <datafield tag="999" ind1=" " ind2=" ">
    <subfield code="c">9526</subfield>
    <subfield code="d">9526</subfield>
  </datafield>
  <datafield tag="952" ind1=" " ind2=" ">
    <subfield code="0">0</subfield>
    <subfield code="1">0</subfield>
    <subfield code="4">0</subfield>
    <subfield code="6">631_000000000000000_&#x17A0;&#x17B8;&#x1784;_2012_C252</subfield>
    <subfield code="7">0</subfield>
    <subfield code="9">51528</subfield>
    <subfield code="a">LBC</subfield>
    <subfield code="b">LBC</subfield>
    <subfield code="c">C252</subfield>
    <subfield code="d">2016-09-02</subfield>
    <subfield code="o">631 &#x17A0;&#x17CA;&#x17B8;&#x1784; 2012 C252</subfield>
    <subfield code="p">RUA44221</subfield>
    <subfield code="r">2016-09-02</subfield>
    <subfield code="y">KB</subfield>
  </datafield>
  <datafield tag="952" ind1=" " ind2=" ">
    <subfield code="0">0</subfield>
    <subfield code="1">0</subfield>
    <subfield code="4">0</subfield>
    <subfield code="6">631_000000000000000_&#x17A0;&#x17B8;&#x1784;_2012_C252</subfield>
    <subfield code="7">0</subfield>
    <subfield code="9">51529</subfield>
    <subfield code="a">LBC</subfield>
    <subfield code="b">LBC</subfield>
    <subfield code="c">C252</subfield>
    <subfield code="d">2016-09-02</subfield>
    <subfield code="o">631 &#x17A0;&#x17CA;&#x17B8;&#x1784; 2012 C252</subfield>
    <subfield code="p">RUA043483</subfield>
    <subfield code="r">2016-09-02</subfield>
    <subfield code="y">KB</subfield>
  </datafield>
  <datafield tag="952" ind1=" " ind2=" ">
    <subfield code="0">0</subfield>
    <subfield code="1">0</subfield>
    <subfield code="4">0</subfield>
    <subfield code="6">631_000000000000000_&#x17A0;&#x17B8;&#x1784;_2012_C252</subfield>
    <subfield code="7">0</subfield>
    <subfield code="9">56900</subfield>
    <subfield code="a">LBC</subfield>
    <subfield code="b">LBC</subfield>
    <subfield code="c">C252</subfield>
    <subfield code="d">2016-11-17</subfield>
    <subfield code="l">2</subfield>
    <subfield code="o">631 &#x17A0;&#x17CA;&#x17B8;&#x1784; 2012 C252</subfield>
    <subfield code="p">RUA045343</subfield>
    <subfield code="r">2018-06-29</subfield>
    <subfield code="s">2018-06-20</subfield>
    <subfield code="w">2016-11-17</subfield>
    <subfield code="y">KB</subfield>
  </datafield>
</record>
